000 00820cab a2200241 4500
001 WB3507-08
008 090401t1999 xxu||||| |||| 00| 0 eng d
035 _a(Sirsi) u91387
041 _aeng
245 _aCommercial property industry challenged
260 _c1999
350 _a0
490 _aDETR News Release
_v(125) 11 February 1999 (3)
520 _aGovernment has challenged the commercial property industry to contribute to sustainable construction and work with suppliers and contractors to improve the quality of buildings. Details.
650 _aPROPERTY-COMMERCIAL PROPERTY
650 _aCONSTRUCTION TASK FORCE
650 _aEGAN REFORMS
650 _aPROPERTY INDUSTRY
650 _aSUSTAINABLE CONSTRUCTION
690 _aPROPERTY-COMMERCIAL PROPERTY
942 _n0
948 _c17/02/1999
999 _c58009
_d58009